Online Public Access Catalog -OPAC

Practical medicine : a guide to outpatient management (Record no. 1811)

MARC details
000 -LEADER
fixed length control field 00642nam a2200121Ia 4500
008 - FIXED-LENGTH DATA ELEMENTS--GENERAL INFORMATION
fixed length control field 180412s9999||||xx |||||||||||||| ||und||
020 ## - INTERNATIONAL STANDARD BOOK NUMBER
International Standard Book Number 853241112
040 ## - CATALOGING SOURCE
Original cataloging agency Ahmadu Bello University Library - Zaria
100 ## - MAIN ENTRY--PERSONAL NAME
Personal name DAGGETT, P.R., GEDDES, D.N.
245 #0 - TITLE STATEMENT
Title Practical medicine : a guide to outpatient management
Statement of responsibility, etc. P.R. Daggett, D.N. Geddes
260 ## - PUBLICATION, DISTRIBUTION, ETC.
Place of publication, distribution, etc. London.
Name of publisher, distributor, etc. Lloyd-Luke
Date of publication, distribution, etc. 1976
300 ## - PHYSICAL DESCRIPTION
Extent xi, 292p.
600 ## - SUBJECT ADDED ENTRY--PERSONAL NAME
Personal name Duties and obligations of physicians.;General Medicine.;Medicine as distinguished from surgery (internal medicine, in French often called "Pathologie interne");Medical ethics and etiquette [deontology].;Medical responsibility.;Medical certificates.;Theory

No items available.

Customized by ICT Technical Service Unit on 29th Dec 2022

Kashim Ibrahim Library